Вып. 5 (87); Механика

Detaylı Bibliyografya
Parent link:Механика: периодический сборник переводов иностранных статей. Вып. 5 (87).— , 1950-1974
Dil:Rusça
Baskı/Yayın Bilgisi: 1964
Materyal Türü: MixedMaterials Kitap
KOHA link:https://koha.lib.tpu.ru/cgi-bin/koha/opac-detail.pl?biblionumber=508729

MARC

LEADER 00000nam2a2200000 4500
001 508729
005 20231101103726.0
035 |a (RuTPU)RU\TPU\prd\180653 
035 |a RU\TPU\prd\180651 
090 |a 508729 
100 |a 20130606b1964 k y0rusy50 ca 
101 0 |a rus 
102 |a RU 
200 0 |a Вып. 5 (87) 
210 |d 1964 
461 1 |0 (RuTPU)RU\TPU\prd\837  |t Механика  |o периодический сборник переводов иностранных статей  |v Вып. 5 (87)  |d 1950-1974 
801 0 |a RU  |b 63413507  |c 20010227  |g PSBO 
801 1 |a RU  |b 63413507  |c 20130129 
801 2 |a RU  |b 63413507  |c 20130606  |g RCR 
942 |c BK 
999 |a НТБ_ТПУ  |b НФ  |e -4/20130109  |p П-5649  |u 0,00  |v 1  |x 26258